[Event "45th Olympiad 2024"]
[Site "Budapest HUN"]
[Date "2024.09.21"]
[Round "10.71"]
[Board "4"]
[White "Nitzborn, Max Baron"]
[Black "Fumey, Enyonam Sewa"]
[Result "1-0"]
[WhiteElo "1800"]
[BlackElo "1845"]
[PlyCount "117"]
[EventDate "2024.09.11"]
[WhiteTeam "Namibia"]
[BlackTeam "Togo"]
[WhiteTeamCountry "NAM"]
[BlackTeamCountry "TOG"]

1. c4 Nf6 2. Nf3 Nc6 3. Nc3 d5 4. cxd5 Nxd5 5. g3 Bf5 ({RR} 5... g6 6. h4 Bg4 7. Bg2 Bg7 8. Qa4 Nxc3 9. Qxg4 Nd5 10. h5 Nf6 11. Qg5 Ne4 12. Qf4 f5 13. hxg6 hxg6 14. Rxh8+ Bxh8 15. Qh6 Kf7 16. d3 Bg7 17. Qh7 Nb4 18. Bh6 Qh8 19. Ne5+ Ke6 20. Qxg6+ {1-0 Belous,V (2520)-Vovk,O (2315) Titled Tuesday intern op 11th May blitz 2021 (3)}) 6. Bg2 ({RR} 6. d3 Bg4 7. Bg2 g6 8. Qa4 Be6 9. Nd4 Qd7 10. Nxe6 fxe6 11. Ne4 Nb6 12. Qd1 Bg7 13. Nc5 Qd4 14. Nxe6 Qe5 15. Nxg7+ Qxg7 16. O-O O-O 17. Rb1 Qf7 18. b3 Nd5 19. Bb2 Ncb4 20. a3 Na6 {1-0 Iglesias Santos,D (1948)-Matos Espino,C (1444) 15th Montalvo Mem 2023 (1.18)}) 6... e6 7. O-O $146 ({RR} 7. d3 Nf6 8. O-O e5 9. b3 Qd7 10. Bb2 Bh3 11. Rc1 Bxg2 12. Kxg2 O-O-O 13. Na4 Bd6 14. a3 Nh5 15. b4 a6 16. Nc5 Bxc5 17. Rxc5 f6 18. Re1 Qg4 19. h3 Nf4+ 20. Kg1 Nxh3+ 21. Kg2 e4 {0-1 Vidner,L-Scerba,J Czech-ch U16 2000 (8)}) 7... Be7 8. Qa4 O-O 9. e4 Nxc3 10. bxc3 Bg6 11. Re1 e5 12. Qb5 Qd6 13. Qxb7 Rab8 14. Qa6 Rb6 15. Qe2 f6 16. Nh4 Bf7 17. Nf5 Qc5 18. Qf3 Bd8 19. d4 exd4 20. cxd4 Qa5 21. Be3 Rb2 22. Qg4 Bg6 23. a3 Qc3 24. Rec1 Rc2 25. Rxc2 Qxc2 26. Rc1 Qa4 27. Qd1 Qxd1+ 28. Rxd1 Ne7 29. Nxe7+ Bxe7 30. Rc1 Bxa3 31. Rxc7 Rb8 32. Bf3 a5 33. e5 a4 34. exf6 gxf6 35. Bd5+ Kh8 36. Bh6 Bf8 37. Bxf8 Rxf8 38. Ra7 Bc2 39. Bc6 Rd8 40. d5 Bb3 41. Kg2 Rd6 42. g4 h5 43. h3 Rd8 44. Kg3 Rg8 45. d6 Rd8 46. d7 Be6 47. Rxa4 hxg4 48. hxg4 Kg7 49. f4 Kf8 50. f5 Bf7 51. Kf4 Ke7 52. Rd4 Kf8 53. Re4 Rb8 54. g5 fxg5+ 55. Kxg5 Kg7 56. Re8 Bxe8 57. dxe8=Q Rxe8 58. Bxe8 Kf8 59. Kf6 1-0

[Event "45th Olympiad 2024"]
[Site "Budapest HUN"]
[Date "2024.09.21"]
[Round "10.72"]
[Board "1"]
[White "Ebosse Kingue Victor Patrick"]
[Black "Aziz, Husain"]
[Result "1-0"]
[WhiteElo "2014"]
[BlackElo "2340"]
[PlyCount "71"]
[EventDate "2024.09.11"]
[WhiteTeam "Cameroon"]
[BlackTeam "Qatar"]
[WhiteTeamCountry "CAM"]
[BlackTeamCountry "QAT"]

1. Nf3 d5 2. d4 Nf6 3. e3 c5 4. Bd3 Nc6 5. h3 c4 ({RR} 5... e6 6. b3 cxd4 7. exd4 Bb4+ 8. c3 Bd6 9. O-O O-O 10. Re1 Qc7 11. Bg5 Nh5 12. c4 Nf4 13. Bf1 h6 14. Bxf4 Bxf4 15. c5 e5 16. Nc3 exd4 17. Nxd5 Qb8 18. Nxd4 Be5 19. Nxc6 bxc6 20. Ne7+ {1-0 Nakamura,H (2775)-Holt,C (2540) Titled Tue 9th May Late 2023 (3)}) ({RR} 5... e6 6. O-O Be7 7. Nbd2 O-O 8. b3 a6 9. Bb2 b5 10. dxc5 Bxc5 11. e4 dxe4 12. Nxe4 Be7 13. Qe2 Bb7 14. Rad1 Nd5 15. Neg5 Bxg5 16. c4 Nf4 17. Bxh7+ Kxh7 18. Qe4+ f5 19. Rxd8 fxe4 20. Nxg5+ {1-0 Herman,D (1968)-Kuchava,A (2101) Titled Tue 7th May Early 2024 (10)}) 6. Be2 Bf5 7. O-O e6 8. b3 $146 ({RR} 8. Nh4 Bd6 9. c3 O-O 10. Nd2 b5 11. Re1 a5 12. Nf1 Re8 13. f3 Bd3 14. Bxd3 cxd3 15. f4 b4 16. Qxd3 bxc3 17. bxc3 a4 18. Nf3 Na5 19. Ng3 Qc7 20. Bd2 Nc4 21. Ne5 Bxe5 22. fxe5 Ne4 {1-0 Mamedjarova,Z (2274)-Hajiyeva,L (1982) AZE-ch (Women) 2021 (4)}) 8... b5 9. bxc4 bxc4 10. Bd2 h6 11. Bc3 a5 12. a3 Bd6 13. Ne5 Qc7 14. f4 Ne4 15. Be1 O-O 16. Nc3 Nxc3 17. Bxc3 Na7 18. g4 Be4 19. Bf3 Nb5 20. Bb2 Bxf3 21. Qxf3 a4 22. Rfd1 Rad8 23. Rf1 Be7 24. Qe2 Nd6 25. Bc3 Ne4 26. Be1 Rb8 27. h4 Bd6 28. g5 Kh7 29. Qg2 Bxe5 30. fxe5 c3 31. Rf4 hxg5 32. hxg5 Rh8 33. g6+ fxg6 34. Qh3+ Kg8 35. Qxe6+ Kh7 36. Rg4 1-0

[Event "45th Olympiad 2024"]
[Site "Budapest HUN"]
[Date "2024.09.21"]
[Round "10.72"]
[Board "2"]
[White "Erfan, Mohamad Firdaus"]
[Black "Zebaze Dongmo Loic Dylane"]
[Result "1/2-1/2"]
[WhiteElo "1758"]
[BlackElo "1914"]
[PlyCount "100"]
[EventDate "2024.09.11"]
[WhiteTeam "Qatar"]
[BlackTeam "Cameroon"]
[WhiteTeamCountry "QAT"]
[BlackTeamCountry "CAM"]

1. d4 Nf6 2. c4 e6 3. Nc3 d5 4. cxd5 exd5 5. Bg5 c6 6. Qc2 Be7 7. e3 O-O 8. Bd3 Nbd7 9. Nf3 Re8 10. O-O Nf8 11. h3 Ng6 12. Ne5 Nxe5 13. dxe5 Nd7 14. Bxh7+ Kh8 15. Bxe7 Qxe7 16. e6 Qxe6 17. Bf5 Qf6 $146 ({RR} 17... Qe5 18. Rad1 {½-½ Turova,I (2381)-Movsesian,J (2277) RUS-ch (Women) 2003 (8)}) 18. Rad1 Ne5 19. Bxc8 Raxc8 20. Rd4 g6 21. Rfd1 Kg7 22. e4 Qg5 23. Qe2 Nc4 24. Qc2 Nb6 25. exd5 Nxd5 26. Nxd5 cxd5 27. Qd2 Qxd2 28. R1xd2 Rc1+ 29. Kh2 Re5 30. f4 Re4 31. Rxd5 Rxf4 32. Rd7 b5 33. Rxa7 Rc5 34. a3 Rff5 35. Rad7 Kf8 36. Re2 Rf1 37. Rb7 Rf4 38. Rd7 Rf1 39. Red2 Rff5 40. Ra7 Rf1 41. Ra5 Rff5 42. Re2 Kg7 43. b4 Rc3 44. a4 bxa4 45. Rxf5 gxf5 46. Ra2 a3 47. b5 Rb3 48. b6 f4 49. b7 Kg6 50. Rxa3 Rxb7 1/2-1/2

[Event "45th Olympiad 2024"]
[Site "Budapest HUN"]
[Date "2024.09.21"]
[Round "10.72"]
[Board "3"]
[White "Amba Oyon Marius Claude"]
[Black "Al-Kuwari, Turki"]
[Result "1-0"]
[WhiteElo "1975"]
[BlackElo "1577"]
[PlyCount "58"]
[EventDate "2024.09.11"]
[WhiteTeam "Cameroon"]
[BlackTeam "Qatar"]
[WhiteTeamCountry "CAM"]
[BlackTeamCountry "QAT"]

1. e4 c5 2. Nf3 g6 3. Bc4 Bg7 4. O-O Nc6 5. c3 e6 6. d4 cxd4 7. cxd4 d5 8. exd5 exd5 9. Re1+ ({RR} 9. Bb5 Nge7 10. h3 Qb6 11. Nc3 O-O 12. Bxc6 Nxc6 {½-½ Martinez Alcantara,J (2620)-Guseinov,G (2665) Leon Blitz Final 34th 2021 (2.2)}) 9... Nge7 10. Bb3 O-O 11. h3 ({RR} 11. Nc3 h6 12. h3 Be6 13. Ne5 Rc8 14. Bf4 Qb6 15. Nxc6 Nxc6 16. Nxd5 Qxd4 17. Qxd4 Bxd4 18. Bxh6 {1-0 Halak,M (2235)-Klukin,K (2390) Titled Tue 3rd Oct Late 2023 (9)}) 11... Nf5 $146 ({RR} 11... h6 12. Nc3 Be6 13. Be3 Nf5 14. Qd2 Rc8 15. a3 Kh7 16. Rad1 Na5 17. Ba2 Nd6 18. Rc1 Nac4 19. Bxc4 Nxc4 20. Qe2 Re8 21. b3 Nxe3 22. fxe3 Qd6 23. Qb2 Bd7 24. a4 a5 25. Qf2 f6 26. Qd2 {0-1 Praznik,A (2104)-Markoja,B (2432) SLO-chT 28th 2018 (5.5)}) ({RR} 11... Qb6 12. Bg5 Nf5 13. Be3 Ncxd4 14. Nxd4 Bxd4 15. Bxd4 Qxd4 16. Qe2 Be6 17. Nc3 Rfd8 18. Rad1 Qc5 19. Rc1 Nd4 20. Qd1 Nxb3 21. Qxb3 d4 22. Ne4 Bxb3 23. Rxc5 Bxa2 24. Nf6+ Kg7 25. Ng4 Bb3 26. Rb5 {1-0 Godefroy,F-Daverio,E (1984) Ville d'Orsay online Blitz 2021 (3)}) ({RR} 11... Be6 12. Nc3 Nf5 13. Ne2 Qb6 14. Be3 Rac8 15. Qd2 Rfe8 16. Ba4 Red8 17. Bxc6 Rxc6 18. Rac1 Rdc8 19. Rxc6 Rxc6 20. Rc1 Nd6 21. Rxc6 Qxc6 22. Bh6 Ne4 23. Qf4 Bxh6 24. Qxh6 Qc2 25. Qe3 Qxb2 26. Nf4 {0-1 Iliadou,A (1085)-Koukoumpi,A (1227) Thessaloniki/Chalkidiki-chT 2019 (4.5)}) 12. Be3 Be6 13. Nc3 Qd6 14. Qd2 Na5 15. Bf4 Nxb3 16. axb3 Qb6 17. Na4 Qxb3 18. Ra3 Qb5 19. g4 Ne7 20. Nc5 b6 21. Nxe6 fxe6 22. Ng5 e5 23. dxe5 Qc4 24. Ne6 Rf7 25. Rc3 Qa4 26. b3 Qa5 27. b4 Qa4 28. Nxg7 Rxg7 29. Bh6 Nc6 1-0

[Event "45th Olympiad 2024"]
[Site "Budapest HUN"]
[Date "2024.09.21"]
[Round "10.72"]
[Board "4"]
[White "Al-Kuwari, Hamad"]
[Black "Makem Pierre"]
[Result "1/2-1/2"]
[WhiteElo "1571"]
[BlackElo "1860"]
[PlyCount "116"]
[EventDate "2024.09.11"]
[WhiteTeam "Qatar"]
[BlackTeam "Cameroon"]
[WhiteTeamCountry "QAT"]
[BlackTeamCountry "CAM"]

1. e4 e5 2. Nf3 Nc6 3. Bb5 a6 4. Ba4 Nf6 5. d3 Bc5 6. c3 b5 7. Bc2 d6 8. O-O ({RR} 8. h3 h6 9. O-O O-O 10. d4 Bb6 11. Be3 Re8 12. Nbd2 Qe7 13. Re1 Rb8 14. Nf1 Qf8 15. Ng3 Bb7 16. a3 Rbd8 17. Qb1 Nb8 18. b4 Nbd7 19. a4 d5 20. dxe5 Nxe5 21. Nxe5 Bxe3 22. Rxe3 Rxe5 {½-½ Anand,V (2759)-So,W (2778) Leuven GCT blitz 2018 (12)}) 8... Bg4 ({RR} 8... O-O 9. h3 Bb6 10. Re1 h6 11. Nbd2 Ne7 12. d4 Ng6 13. Nf1 Re8 14. Ng3 Bd7 15. Be3 c5 16. Qd2 exd4 17. Bxh6 gxh6 18. Qxh6 Qe7 19. e5 dxe5 20. Nxe5 Qf8 21. Qg5 Qg7 22. Nh5 Nxh5 23. Nxd7 {0-1 Soumya,S (2258)-Garifullina,L (2449) Belt and Road Int Women 2024 (1.4)}) 9. Nbd2 Ne7 10. h3 $146 ({RR} 10. Re1 Ng6 11. h3 Be6 12. Nf1 h6 13. d4 Bb6 14. Ng3 Qd7 15. Kh2 Nf4 16. Bxf4 exf4 17. Nf5 Rg8 18. Qd2 g5 19. d5 Bxf5 20. exf5+ Kd8 21. a4 g4 22. Ng1 Bxf2 23. Re2 Be3 24. Qd3 Rb8 {1-0 Suarez Ardila,L (1475)-Stephenson,A (1311) Pan American-ch U12 Girls 2018 (2)}) 10... Be6 11. Re1 h6 12. d4 exd4 13. cxd4 Bb6 14. Nf1 O-O 15. Nh4 Ng6 16. Nxg6 fxg6 17. Ng3 Nh7 18. Be3 Qh4 19. Qd2 g5 20. e5 dxe5 21. Qd3 e4 22. Qxe4 Qxe4 23. Bxe4 Rad8 24. Red1 Nf6 25. Bb7 a5 26. Ne2 Bd5 27. Bxd5+ Nxd5 28. Nc3 Rf5 29. Rd2 b4 30. Nxd5 Rfxd5 31. Rad1 a4 32. b3 axb3 33. axb3 h5 34. g4 Kf7 35. Kg2 h4 36. Kf1 R8d6 37. Kg2 Rc6 38. Kf3 Rc3 39. Ke4 Ke6 40. Rd3 c5 41. dxc5 Re5+ 42. Kf3 Bxc5 43. Rxc3 bxc3 44. Rc1 Bxe3 45. fxe3 Ra5 46. Rxc3 Ra2 47. b4 Rh2 48. b5 Rxh3+ 49. Ke4 Rg3 50. Rc6+ Kd7 51. Kf5 h3 52. Rc1 h2 53. Rh1 Rxe3 54. Kxg5 Re2 55. Kh4 Rb2 56. Kh3 Ke7 57. Rxh2 Rxb5 58. Rf2 g5 1/2-1/2

[Event "45th Olympiad 2024"]
[Site "Budapest HUN"]
[Date "2024.09.21"]
[Round "10.73"]
[Board "1"]
[White "Mompel Ferruz, Xavier"]
[Black "Thabang, Mphane"]
[Result "1-0"]
[WhiteElo "2273"]
[BlackElo "1799"]
[PlyCount "51"]
[EventDate "2024.09.11"]
[WhiteTeam "Equatorial Guinea"]
[BlackTeam "Lesotho"]
[BlackTeamCountry "LES"]

1. e4 Nf6 2. e5 Nd5 3. d4 d6 4. c4 Nb6 5. exd6 cxd6 6. Nc3 g6 7. Be3 Bg7 8. Rc1 O-O 9. b3 e5 10. Nf3 Bg4 11. dxe5 ({RR} 11. Be2 Nc6 12. dxe5 dxe5 13. O-O Qxd1 14. Rfxd1 Rfd8 15. h3 Bxf3 16. Bxf3 Nd7 17. Ne4 Nf8 18. Nd6 Nd4 19. Nxb7 Nxf3+ 20. gxf3 Rxd1+ 21. Rxd1 Rb8 22. Na5 Ne6 23. Nc6 Rb7 24. Nd8 Rc7 25. Nxe6 fxe6 {1-0 Pichot,A (2625)-Grunberg,M (2401) Titled Tuesday intern op 21st Dec blitz 2021 (1)}) ({RR} 11. Be2 Nc6 12. d5 Ne7 13. O-O Nf5 14. Bd2 Qd7 15. Nxe5 Bxe2 16. Nxd7 Bxd1 17. Nxb6 axb6 18. Rfxd1 Bxc3 19. Bxc3 Rxa2 20. g4 Nh4 21. Rd3 f5 22. g5 f4 23. Bf6 Re8 24. b4 Ree2 25. Bd4 Rac2 {½-½ Xia,J (2034)-Rodriguez Boado,M (2141) 1000GM Memorial Day 2024 (9.21)}) 11... dxe5 12. Qxd8 $146 ({RR} 12. c5 N6d7 13. h3 Bxf3 14. Qxf3 Nc6 15. Bc4 Qa5 16. O-O Nxc5 17. Nd5 Nd7 18. b4 Qd8 19. Rfd1 Nd4 20. Bxd4 exd4 21. Bb3 Ne5 22. Qe2 Nc6 23. Qb5 Rb8 24. Qc5 Re8 25. Re1 d3 26. b5 d2 {0-1 Karasek,L (2226)-Velicka,P (2464) CZE-chT1E 0809 2008 (3.2)}) 12... Rxd8 13. c5 N6d7 14. Ng5 h6 15. f3 hxg5 16. fxg4 Bf8 17. Ne4 f6 18. Bc4+ Kg7 19. h4 gxh4 20. Rxh4 g5 21. Rh5 Nc6 22. Kf2 Na5 23. Be6 Be7 24. Ng3 f5 25. Nxf5+ Kg6 26. Rh6# 1-0

[Event "45th Olympiad 2024"]
[Site "Budapest HUN"]
[Date "2024.09.21"]
[Round "10.73"]
[Board "2"]
[White "Tsephe, Lebajoa"]
[Black "Oscar Naranjo Gonzalez"]
[Result "0-1"]
[WhiteElo "1900"]
[BlackElo "1861"]
[PlyCount "76"]
[EventDate "2024.09.11"]
[WhiteTeam "Lesotho"]
[BlackTeam "Equatorial Guinea"]
[WhiteTeamCountry "LES"]

1. e4 e5 2. Nf3 Nc6 3. Bc4 Be7 4. c3 Nf6 5. d3 O-O 6. Bb3 d5 7. Qe2 Bg4 8. Nbd2 h6 ({RR} 8... a5 9. h3 Bh5 10. Nf1 a4 11. Bc2 d4 12. Ng3 Bg6 13. O-O Qd7 14. Nh4 Rfe8 15. Nhf5 Bf8 16. Bg5 Qe6 17. Qf3 Ra5 18. h4 Bxf5 19. Nxf5 dxc3 20. bxc3 Ne7 21. Nh6+ Kh8 22. Bxf6 gxf6 23. Ng4 {0-1 Shanmathi Sree S (1600)-Vifleemskaia,S (1903) Swiss Queens Wed #5 2024 (9.73)}) 9. h3 Bh5 10. Nf1 Qd7 $146 ({RR} 10... dxe4 11. dxe4 Bc5 12. g4 Bg6 13. Ng3 Nd7 14. Nf5 Bxf5 15. gxf5 Kh7 16. h4 Qe7 17. Rg1 Rh8 18. Bg5 Nf6 19. Bxf6 gxf6 20. Nh2 Rag8 21. O-O-O Rxg1 22. Rxg1 Qf8 23. Qh5 Rg8 24. Rxg8 Qxg8 25. Ng4 {1-0 Czegledi,L (2175)-Czegledi,Z (2127) HUN-chT2 Toth 1516 2015 (6.2)}) 11. Ng3 Bg6 12. Bd2 Rfe8 13. Nh4 Bh7 14. Nhf5 Bf8 15. Qf3 Bxf5 16. Nxf5 dxe4 17. dxe4 Rad8 18. O-O-O Na5 19. Bxh6 Nxb3+ 20. axb3 Qe6 21. Bg5 Rxd1+ 22. Rxd1 Nh7 23. h4 a5 24. Qg3 b5 25. Rd5 c6 26. Nh6+ Kh8 27. Rxe5 Qd7 28. Ng4 Ra8 29. Rf5 Bd6 30. Bf4 Bxf4+ 31. Qxf4 Rd8 32. Qf3 Qd2+ 33. Kb1 Qe1+ 34. Ka2 Rd1 35. Qxd1 Qxd1 36. Ne5 a4 37. bxa4 Qxa4+ 38. Kb1 Qxe4+ 0-1

[Event "45th Olympiad 2024"]
[Site "Budapest HUN"]
[Date "2024.09.21"]
[Round "10.73"]
[Board "3"]
[White "Angel Estanislao Gatjens Capche"]
[Black "Karabo Mokete"]
[Result "0-1"]
[WhiteElo "1849"]
[BlackElo "1836"]
[PlyCount "70"]
[EventDate "2024.09.11"]
[WhiteTeam "Equatorial Guinea"]
[BlackTeam "Lesotho"]
[BlackTeamCountry "LES"]

1. e4 c5 2. Nf3 d6 3. d4 cxd4 4. Nxd4 Nf6 5. Nc3 a6 6. Rg1 e5 7. Nb3 h5 8. Bg5 Be7 9. Qd2 Be6 10. O-O-O Nbd7 11. f4 b5 12. fxe5 $146 ({RR} 12. Kb1 b4 13. Bxf6 Nxf6 14. Nd5 O-O 15. Nxf6+ Bxf6 16. f5 Qb6 17. Be2 Bxb3 18. cxb3 d5 19. exd5 e4 20. Bxh5 a5 21. g4 Be5 22. g5 a4 23. bxa4 b3 24. a3 Rac8 25. Rg3 Bxg3 26. hxg3 Rc2 {0-1 Hagner,B (2323)-Makridis,D (2356) World Youth U16 Olympiad 2023 (7.11)}) ({RR} 12. Bd3 b4 13. Na4 exf4 14. Bxf4 a5 15. Nd4 Qc7 16. Nxe6 fxe6 17. e5 Nxe5 18. Bxe5 dxe5 19. Bg6+ Kf8 20. Qe2 Rc8 21. Rgf1 Rh6 22. Bd3 Kg8 23. b3 Kh8 24. Ba6 Rb8 25. Bc4 e4 26. Kb1 Qe5 {0-1 Schippke,M (2162)-Paehtz,E (2461) European Women Rapid 2023 2024 (10.2)}) ({RR} 12. f5 Bc4 13. a3 Rc8 14. Bxf6 Nxf6 15. Kb1 Qb6 16. Bxc4 bxc4 17. Nc1 O-O 18. Nd5 Nxd5 19. Qxd5 Rc5 {0-1 Spitzl,V (2346)-Gokerkan,C (2466) Riga Tech op-A 2021 (6)}) 12... dxe5 13. Bd3 b4 14. Ne2 Nxe4 15. Qe1 Nxg5 16. h4 Nh7 17. Qg3 O-O 18. Kb1 Qb6 19. Be4 Rad8 20. Bf3 Nhf6 21. Nec1 e4 22. Be2 Ng4 23. Nd4 Ndf6 24. Nxe6 Qxe6 25. Rde1 a5 26. Bd1 Bd6 27. Qh3 a4 28. Rgf1 Be5 29. Ne2 Qc4 30. Nc1 Qd4 31. c3 bxc3 32. Qxc3 Qxc3 33. bxc3 Bxc3 34. Re2 Rb8+ 35. Kc2 Rfc8 0-1

[Event "45th Olympiad 2024"]
[Site "Budapest HUN"]
[Date "2024.09.21"]
[Round "10.73"]
[Board "4"]
[White "Motlomelo, Lihloela"]
[Black "Pedro Manuel Envo Engonga Avomo"]
[Result "1-0"]
[WhiteElo "1696"]
[BlackElo "1702"]
[PlyCount "77"]
[EventDate "2024.09.11"]
[WhiteTeam "Lesotho"]
[BlackTeam "Equatorial Guinea"]
[WhiteTeamCountry "LES"]

1. e4 c5 2. Nf3 e6 3. d4 cxd4 4. Nxd4 Qb6 5. Nb3 Nf6 6. Bd3 Nc6 7. Be3 Qc7 8. Nc3 Bb4 ({RR} 8... d6 9. g4 a6 10. g5 Nd7 11. f4 b5 12. Qd2 Nc5 13. Qf2 Na4 14. Nd1 Bb7 15. a3 d5 16. O-O dxe4 17. Bxe4 Bd6 18. Nd2 f5 19. Bg2 Nd8 20. c4 O-O 21. Rc1 Rc8 22. c5 e5 23. Nb3 {½-½ Ortiz Suarez,I (2556)-Fedorchuk,S (2618) Pamplona San Juan op 5th 2011 (6)}) 9. Bd2 ({RR} 9. Qd2 d5 10. exd5 Nxd5 11. O-O Bxc3 12. bxc3 Nxe3 13. Qxe3 Ne5 14. Qg3 O-O 15. Nd4 f6 16. Rae1 Qc5 17. Be4 Kh8 18. Re3 Nf7 19. Qh4 Ng5 20. Bxh7 Nxh7 21. Rh3 Kg8 22. Qxh7+ Kf7 23. Rg3 Rg8 {1-0 Krzywda,A (2214)-Sabatier,M (2107) Titled Tue 21st May Early 2024 (8)}) 9... a6 10. Qe2 Ne5 $146 ({RR} 10... O-O 11. a3 Be7 12. f4 d6 13. O-O b5 14. Rae1 b4 15. Nd1 bxa3 16. e5 dxe5 17. fxe5 Nd7 18. bxa3 Ndxe5 19. Bf4 Qb6+ 20. Be3 Qd8 21. Be4 f5 22. Bxc6 Nxc6 23. Qc4 Ne5 24. Qc3 Ng4 25. Bc5 {0-1 Camino Carrio,N (1997)-Kurajica,B (2498) Las Palmas Montalvo Memorial 11th 2018 (2)}) 11. h3 h5 12. O-O-O Nxd3+ 13. Qxd3 b6 14. f3 Bb7 15. a3 Bd6 16. g4 h4 17. Rhf1 Bf4 18. Ne2 Bxd2+ 19. Rxd2 O-O-O 20. g5 Nh5 21. f4 g6 22. e5 Kb8 23. Rfd1 Ka7 24. Qe3 Ng7 25. Nbd4 Rc8 26. Nc3 Nf5 27. Nxf5 gxf5 28. Rxd7 Qc6 29. Kb1 Rc7 30. Rxc7 Qxc7 31. Rd6 Rd8 32. Qd4 Rc8 33. g6 fxg6 34. Rxe6 Bg2 35. Rd6 Bc6 36. Rxg6 Kb7 37. Rd6 Rg8 38. Nd5 Bxd5 39. Qxd5+ 1-0

[Event "45th Olympiad 2024"]
[Site "Budapest HUN"]
[Date "2024.09.21"]
[Round "10.74"]
[Board "1"]
[White "Houssein, Mohamed Bilal"]
[Black "Koniahli, Malek"]
[Result "0-1"]
[WhiteElo "1870"]
[BlackElo "2282"]
[PlyCount "88"]
[EventDate "2024.09.11"]
[WhiteTeam "Djibouti"]
[BlackTeam "Syria"]
[WhiteTeamCountry "DJI"]
[BlackTeamCountry "SYR"]

1. e4 c5 2. Nf3 e6 3. d4 cxd4 4. Nxd4 a6 5. Bd3 Bc5 6. Nb3 Ba7 7. Qe2 Nc6 8. Be3 Bxe3 9. Qxe3 Nf6 10. Nc3 O-O ({RR} 10... e5 11. f3 d6 12. g4 Be6 13. h4 Qc7 14. O-O-O O-O-O 15. Kb1 Kb8 16. h5 h6 17. a3 Ne7 18. g5 hxg5 19. Qxg5 Rh6 20. Ne2 Rg8 21. Rdg1 Qd8 22. f4 Nc6 23. f5 Bxb3 24. cxb3 Qb6 25. b4 {1-0 Kushagra,M (2412)-Fedoseev,V (2691) Qatar Masters Open 2023 (1.10)}) 11. O-O-O ({RR} 11. e5 Ng4 12. Qh3 f5 13. exf6 Nxf6 14. O-O-O d5 15. g4 Qc7 16. Rhg1 Nb4 17. Kb1 e5 18. Qh4 Nxd3 19. Rxd3 d4 20. g5 Ne8 21. Nd5 Qd6 22. Nxd4 Qxd5 23. g6 h6 24. Nf5 Qe6 25. Nxh6+ gxh6 {0-1 Romanov,E (2521)-Smirnov,P (2636) RUS-ch Higher League 60th 2007 (8)}) 11... e5 12. f3 $146 ({RR} 12. Rd2 d6 13. Be2 Qe7 14. Rhd1 Rd8 15. Qb6 Be6 16. Nd5 Bxd5 17. exd5 Nb8 18. f3 a5 19. Nxa5 Nbd7 20. Qb5 Nc5 21. Kb1 Qc7 22. Nb3 Nfd7 23. Nxc5 Nxc5 24. c4 Ra5 25. Qb4 Rda8 26. b3 R8a6 {1-0 Eriksson,M (2260)-Ekelund,P (2310) Helsingborg-A 1991}) 12... b5 13. g4 d6 14. h4 Be6 15. h5 b4 16. Nd5 Bxd5 17. exd5 Ne7 18. Be4 Nd7 19. g5 Qb6 20. Qd3 f5 21. gxf6 Nxf6 22. Rdg1 Rf7 23. Rg3 Kh8 24. Bg6 Rff8 25. Rhg1 Nexd5 26. Kb1 Nf4 27. Qd2 N6xh5 28. Bxh5 Nxh5 29. Rg5 Ra7 30. Qh2 g6 31. Nd2 Raf7 32. Rh1 Qe3 33. Rgg1 Qf4 34. Qg2 a5 35. b3 d5 36. Rh3 Qd4 37. Rhh1 Nf4 38. Qh2 Rc8 39. Rc1 Rfc7 40. Rhd1 Nd3 41. Nc4 dxc4 42. cxd3 cxd3 43. Rxc7 Rxc7 44. Qb2 Rc3 0-1

[Event "45th Olympiad 2024"]
[Site "Budapest HUN"]
[Date "2024.09.21"]
[Round "10.74"]
[Board "2"]
[White "Hilwani, Talal"]
[Black "Omar, Aden Omar"]
[Result "1-0"]
[WhiteElo "2264"]
[BlackElo "1779"]
[PlyCount "45"]
[EventDate "2024.09.11"]
[WhiteTeam "Syria"]
[BlackTeam "Djibouti"]
[WhiteTeamCountry "SYR"]
[BlackTeamCountry "DJI"]

1. c4 Nf6 2. d4 e6 3. Nc3 d5 4. cxd5 exd5 5. Bg5 c6 6. e3 Bd6 7. Bd3 Nbd7 8. Qc2 h6 9. Bh4 Qc7 ({RR} 9... a6 10. Nge2 O-O 11. f3 Qa5 12. g4 Re8 13. Bf2 c5 14. h4 cxd4 15. exd4 Bf4 16. Kf1 Qc7 17. Kg2 Nf8 18. Nxf4 Qxf4 19. Ne2 Qd6 20. Bg3 Qb6 21. Bc7 Qc6 22. Qxc6 bxc6 23. Rac1 Bb7 24. Be5 {1-0 Valmana Canto,J (2310)-Campora,D (2458) La Roda op 41st 2014 (4)}) 10. Nge2 O-O 11. O-O-O a5 $146 ({RR} 11... b5 12. Bg3 Bxg3 13. hxg3 b4 14. Na4 a5 15. Kb1 Nb6 16. Nc1 Nxa4 17. Qxa4 c5 18. dxc5 Qxc5 19. Nb3 Qb6 20. Nd4 Bd7 21. Bb5 Bxb5 22. Qxb5 Qxb5 23. Nxb5 Rab8 24. Nd4 Ne4 25. Rhf1 a4 26. g4 {1-0 Nikolov,S (2227)-Valev,V (2064) Shumen Ivanov Memorial rapid 2022 (8)}) ({RR} 11... b5 12. Bg3 a6 13. e4 dxe4 14. Nxe4 Nxe4 15. Bxe4 Bb7 16. Kb1 Nf6 17. Bf3 Rac8 18. Rc1 Rfe8 19. Qf5 Bxg3 20. hxg3 Qd6 21. Qc5 Qxc5 22. Rxc5 Ne4 23. Bxe4 Rxe4 24. Nc3 Rxd4 25. Rd1 Rxd1+ 26. Nxd1 {½-½ Lengerer,P (2021)-Achatz,M (1845) Oberfranken-ch M 0405 2005 (8)}) 12. g4 Kh8 13. Rdg1 a4 14. g5 Ng8 15. gxh6 Nxh6 16. Bg5 b5 17. Nf4 Rg8 18. Nh5 Bf8 19. Bxh6 gxh6 20. Rxg8+ Kxg8 21. Rg1+ Kh8 22. Bh7 f5 23. Qxf5 1-0

[Event "45th Olympiad 2024"]
[Site "Budapest HUN"]
[Date "2024.09.21"]
[Round "10.74"]
[Board "3"]
[White "Mohamed, Ali Dima"]
[Black "Allatif, Kinan"]
[Result "0-1"]
[WhiteElo "1761"]
[BlackElo "1881"]
[PlyCount "76"]
[EventDate "2024.09.11"]
[WhiteTeam "Djibouti"]
[BlackTeam "Syria"]
[WhiteTeamCountry "DJI"]
[BlackTeamCountry "SYR"]

1. e4 {Cabrilo,Goran} c6 2. d4 d5 3. Nc3 dxe4 4. Nxe4 Nf6 5. Nxf6+ exf6 6. Nf3 Bd6 7. Be2 ({RR} 7. Bd3) ({RR} 7. Bc4) 7... O-O ({RR} 7... Na6 8. O-O Nc7 9. c4 O-O 10. Be3 Re8 11. Qd2 ({RR} 11. Qc2) 11... Bf5 12. Rad1 Be4 13. Qc1 h6 14. Nd2 Bh7 15. Bf3 f5 16. Nb3 g5 17. Na5 ({RR} 17. g3 Qf6) 17... g4 18. Be2 ({RR} 18. Nxb7 Bxh2+ 19. Kxh2 Qh4+ 20. Kg1 gxf3) 18... Bb4 19. Nxb7 ({RR} 19. Bd2 Bxa5) ({RR} 19. Nb3 f4 20. Bd2 f3 21. gxf3 Bd6 22. Rfe1 gxf3 23. Bxf3 ({RR} 23. Bf1 Bxh2+ 24. Kxh2 Qh4+ 25. Kg1 Kh8 26. Rxe8+ Rxe8 27. Bf4 Rg8+ 28. Bg3 Rxg3+ 29. fxg3 Qxg3+ 30. Kh1 f2) 23... Qh4) 19... Qc8 20. Nc5 f4 21. Bxg4 Qxg4 22. Bxf4 {0-1 Torre,E (2490)-Kortschnoj,V (2665) Olympiad-23 Buenos Aires 1978 (11)}) 8. h3 Bf5 ({RR} 8... Be6 9. O-O Re8 10. c4 Nd7 11. Bd3 Nf8 12. Qc2 Qd7 13. Nh2 Bxh2+ 14. Kxh2 Qxd4 15. Be3 Qd6+ 16. Kg1 Ng6 17. Rad1 Qc7 18. Rfe1 Rad8 19. Bxg6 hxg6 20. b3 b6 21. c5 b5 22. b4 Rd5 23. Rxd5 {½-½ Martinez Garay,C (1728)-Monferrato,R (1580) 7th Marcel Duchamp Cup 2024 (7.41)}) 9. Nh4 $146 ({RR} 9. O-O Nd7 10. c4 Re8 11. Nh4 Be4 12. Nf3 Qc7 13. Re1 Re7 14. Be3 Rae8 15. Qc1 Bb4 16. Rf1 Qb8 17. a3 Bd6 18. b4 f5 19. Qc3 Nf6 20. Rae1 Nh5 21. Ne5 Bxe5 22. dxe5 f4 23. Bd2 Rxe5 {1-0 Atri,J (2077)-Marx,J (1865) Hamburg HSK Elo op 5th 2007 (1.11)}) ({RR} 9. O-O Nd7 10. Be3 Re8 11. c4 Nf8 12. c5 Bc7 13. Qb3 Qd7 14. Rad1 Be6 15. Bc4 Rad8 16. Rfe1 b5 17. Bxe6 Nxe6 18. a4 a6 19. axb5 axb5 20. Ra1 Qd5 21. Qxd5 Rxd5 22. Ra6 Rc8 23. g3 Bb8 {0-1 Dobrijevic,M (2208)-Amburgy,R (2219) Titled Tue 18th Apr Late 2023 (7)}) 9... Be4 10. Bd3 Bb4+ 11. c3 Qxd4 12. cxb4 Bxd3 13. Be3 Qxb2 14. Qxd3 Qxa1+ 15. Qd1 Qxd1+ 16. Kxd1 Nd7 17. Kc2 Nb6 18. Kb3 Nd5 19. Bc5 Rfe8 20. Nf5 b6 21. Bd6 Rad8 22. Bg3 g6 23. Nd6 Re6 24. Nc4 Re4 25. a3 Nf4 26. Rc1 Rd3+ 27. Kb2 Ne2 28. Rc2 Nxg3 29. fxg3 Rxg3 30. Nd6 Rd4 31. Nc8 Rdd3 32. Nxa7 Rb3+ 33. Kc1 c5 34. Nc8 Rxa3 35. bxc5 bxc5 36. Ne7+ Kg7 37. Nd5 c4 38. Nb6 Rac3 0-1